01281cam a22003375a 45000010009000000050017000090080039000260200029000650200025000940400028001190500025001470820020001721000026001922450119002182600052003373000034003895000024004235040027004476500037004746500038005116500040005496500042005896510010006316530031006416550024006726500045006967000021007419420008007629990017007709520156007871795078620201128021450.0131122s2014 enk b f001 0 eng a9781107036192 (hardback) a9781107621176 (pbk.) aDLCbengcDLCdEG-ScBUE00aHD30.28b.S6385 201404a658.45222bSPE1 aSpender, J.-C.93838610aStrategic conversations :bcreating and directing the entrepreneurial workforce /cJ. C. Spender, Bruce A. Strong. aCambridge :bCambridge University Press,c2014. axvi, 238 p. :bill. ;c24 cm. aIndex : p. 228-238. aBibliography : p. 211. 7aStrategic planning.2BUEsh91643 0aHuman capitalxManagement.2BUEsh 7aKnowledge management.2BUEsh912057 7aOrganizational behavior.2BUEsh94617 2BUEsh bBUSADMbBUSBOLcAugust2015 vreading book934232 79891aOrganizational effectiveness2BUEsh1 aStrong, Bruce A. 2ddc c20439d20411 00102ddc40708BaccahaMAINbMAINc1STd2015-08-03epurchaseg648.00h21758l1m3o658.45 SPEp000039019r2025-07-15 00:00:00s2021-07-06v810.00yBB